000 02429cam a2200169 4500500
005 20251012001319.0
041 _afre
042 _adc
100 1 0 _aMoro, Marie Rose
_eauthor
700 1 0 _a Neuman, Dominique
_eauthor
700 1 0 _a Réal, Isabelle
_eauthor
700 1 0 _a Radjack, Rahmeth
_eauthor
245 0 0 _aMaternités en exil : Mettre des bébés au monde et les faire grandir en situation transculturelle
260 _bLa Pensée sauvage,
_c2023.
520 _aVive la société multiculturelle avec des bébés de toutes les couleurs ! Oui, mais la réalité ne se résume pas à des slogans bienveillants. Ces bébés nés ici, de parents venant du monde entier, ou nés ailleurs et qui vont grandir ici, nous obligent à penser et à faire autrement. C’est ce à quoi nous convie ce livre, à partir d’une pratique multiculturelle à Paris et en banlieue parisienne et d’histoires racontées et mises à la disposition de tous. En effet, ces dernières années, l'approche périnatale a intégré dans ses outils la composante culturelle : langues et représentations parentales, manières de faire et de penser les bébés de par le monde… et c’est une chance pour l’accueil et la clinique des bébés, de tous les bébés. Grossesse, accouchement, mise en place des interactions précoces et construction de la parentalité sont à la fois des actes profondément intimes mais aussi des actes médicaux, sociaux et culturels. Les stratégies d’accueil, de prévention et de soins propres à cette période périnatale sont étudiées concrètement. Ce livre invite à comprendre le bébé, sa famille mais aussi à sensibiliser et former les professionnels de cette petite enfance de toutes les couleurs, enfants de migrants, enfants métis, enfants adoptés, enfants de voyageurs... Ce livre s’adresse à tous les professionnels de l’enfance (puéricultrices, psychologues, psychiatres, médecins, professionnels des PMI ou des équipes de psychiatrie, de pédiatrie ou de néonatalogie, infirmières, sages-femmes, travailleurs sociaux, éducatrices de jeunes enfants, assistantes maternelles…) mais aussi, aux étudiants, aux juges, aux enseignants et à tous ceux qui sont intéressés par les questions concernant les bébés, parents, grands-parents, curieux…
856 4 1 _uhttps://shs.cairn.info/maternites-en-exil--9782859193553?lang=fr&redirect-ssocas=7080
999 _c1512447
_d1512447